000
002740000a22000970004500
100
1
_a
Yount, Shaw
245
1
0
_a
Changed lives : Hospital ministry in Honduras
300
_a
Vol. 84, Num. 1 (Marzo-Junio, 2004), Páginas 18-19
773
0
_t
Latin America Evangelist
942
_c
ANA
999
_c
55193
_d
55193